000 00326nam a2200157Ia 4500
003 OSt
005 20240120121330.0
008 170524s9999 xx 000 0 und d
020 _a1292093093
040 _ciimtu
100 _aCohen
245 0 _aGas Turbine Theory
260 _bPearson
260 _c2008
942 _2ddc
_c02
999 _c5551
_d5551